000 00648nam a2200229 a 4500
001 $$a0000036499
005 20200120222258.0
008 090820s1986 col gr 0 d
020 _a84-8280-660-2
082 0 4 _a853.3
_bY15
100 0 _aYallop, David
245 1 0 _aEn nombre de Dios /
_cDavid Yallop; traducción de: Sebastian Bel Spino.
250 _a1a. ed.
260 _aBogotá
_bOveja Negra
_c1986
300 _a329 p. : il.
517 _aIn god's a name
650 1 4 _aNOVELA ITALIANA
650 1 4 _aNOVELA SOCIAL
650 1 4 _aLITERATURA ITALIANA
700 1 _aSpino, Sebastian Bel, tr.
901 _aDonación, Oveja Negra,1987
999 _c2176
_d2176